000 nam a22 7a 4500
999 _c10800
_d10800
008 180223b ||||| |||| 00| 0 eng d
100 _aNavdanya
_96639
245 _aSeeds of Life , Seeds of freedom for your garden of hope
260 _aNew Delhi
_bNavdanya